Normal view
MARC view
- Jamil, Azmat
Entry Personal Name
001 - CONTROL NUMBER
- control field: 132844
003 - CONTROL NUMBER IDENTIFIER
- control field: NUST
005 - DATE AND TIME OF LATEST TRANSACTION
- control field: 20260120144701.0
008 - FIXED-LENGTH DATA ELEMENTS
- fixed length control field: 260120|| aca||aabn | a|a d
040 ## - CATALOGING SOURCE
- Original cataloging agency: NUST
- Transcribing agency: NUST
100 ## - HEADING--PERSONAL NAME
- Personal name: Jamil, Azmat
670 ## - SOURCE DATA FOUND
- Source citation: Work cat.: (NUST): Jamil, Azmat, High gain, circularly polarized 1 x 4 antenna array with circular Slots for wireless power transmission applications /, July, 2018
